Statistics for Disney Princesses

Click here to take the quiz!

General Stats

  • This quiz has been taken 81,036 times
    (55,909 since last reset)
  • The average score is 9 of 11

Answer Stats

Movie Princess % Correct
---- ----- and the Seven DwarfsSnow White
99%
The Little MermaidAriel
95%
Beauty and the BeastBelle
91%
AladdinJasmine
91%
-----------Cinderella
87%
TangledRapunzel
82%
Sleeping BeautyAurora
77%
The Princess and the FrogTiana
64%
BraveMerida
63%
-----Mulan
62%
----------Pocahontas
56%

Score Distribution

Percentile by Number Answered

Percent of People with Each Score

Your Score History

You have not taken this quiz since the last reset